| 000 | 00651nam a22002177a 4500 | ||
|---|---|---|---|
| 005 | 20240907065620.0 | ||
| 008 | 240907b |||||||| |||| 00| 0 eng d | ||
| 020 | _a9789391447731 | ||
| 040 |
_aIN-DiNC _cIN-DiNC |
||
| 041 | _dasm | ||
| 082 |
_a301 _bBOR |
||
| 100 |
_aBorah, Birinchi Kumar _eauthor |
||
| 245 |
_aSamajtattwik paripeksha (minor1)/ _cby Birinchi Kumar Borah, Himashree Baruah and Urbashi Konwar |
||
| 250 | _a1st ed. | ||
| 260 |
_aGolaghat: _bSaraswati prakashan, _c2024. |
||
| 300 | _a151p. | ||
| 650 | _aSociological perspective | ||
| 700 |
_aBaruah, Himashree _eauthor |
||
| 700 |
_aKonwar, Urbashi _eauthor |
||
| 942 |
_2ddc _cBK |
||
| 999 |
_c11942 _d11942 |
||